Повышение запасенной энергии в нанопорошках металлов; Журнал технической физики; Т. 82, вып. 8

Bibliografiske detaljer
Parent link:Журнал технической физики/ Российская академия наук (РАН), Физико-технический институт им. А. Ф. Иоффе (ФТИ).— , 1931-
Т. 82, вып. 8.— 2012.— С. 140-142
Hovedforfatter: Ильин А. П. Александр Петрович
Andre forfattere: Роот Л. О. Людмила Олеговна, Мостовщиков А. В. Андрей Владимирович
Summary:Изучено действие облучения нанопорошков потоком ускоренных электронов (4 MeV) на величину запасенной в них энергии. Установлено, что облучение нанопорошков приводит к увеличению запасенной энергии максимально в 2,5 раза в сравнении с тепловым эффектом окисления необлученного нанопорошка.
Sprog:russisk
Udgivet: 2012
Fag:
Format: MixedMaterials Book Chapter
KOHA link:https://koha.lib.tpu.ru/cgi-bin/koha/opac-detail.pl?biblionumber=513278

MARC

LEADER 00000naa2a2200000 4500
001 513278
005 20250116063139.0
035 |a (RuTPU)RU\TPU\prd\190136 
035 |a RU\TPU\prd\190124 
090 |a 513278 
100 |a 20130716a2012 k y0rusy50 ca 
101 0 |a rus 
102 |a RU 
200 1 |a Повышение запасенной энергии в нанопорошках металлов  |f А. П. Ильин, Л. О. Роот, А. В. Мостовщиков 
320 |a Библиогр.: с. 142 (10 назв.) 
330 |a Изучено действие облучения нанопорошков потоком ускоренных электронов (4 MeV) на величину запасенной в них энергии. Установлено, что облучение нанопорошков приводит к увеличению запасенной энергии максимально в 2,5 раза в сравнении с тепловым эффектом окисления необлученного нанопорошка. 
461 0 |0 (RuTPU)RU\TPU\prd\452  |t Журнал технической физики  |f Российская академия наук (РАН), Физико-технический институт им. А. Ф. Иоффе (ФТИ)  |d 1931- 
463 0 |0 (RuTPU)RU\TPU\prd\153432  |t Т. 82, вып. 8  |v С. 140-142  |d 2012 
610 1 |a труды учёных ТПУ 
700 1 |a Ильин  |b А. П.  |c химик  |c профессор Томского политехнического университета, доктор физико-математических наук  |f 1949-  |g Александр Петрович  |3 (RuTPU)RU\TPU\pers\25487  |9 11424 
701 1 |a Роот  |b Л. О.  |c химик  |c доцент Томского политехнического университета, кандидат технических наук  |f 1982-  |g Людмила Олеговна  |3 (RuTPU)RU\TPU\pers\28558  |4 070  |9 13377 
701 1 |a Мостовщиков  |b А. В.  |c химик  |c старший научный сотрудник, профессор Томского политехнического университета, доктор технических наук  |f 1989-  |g Андрей Владимирович  |y Томск  |3 (RuTPU)RU\TPU\pers\25492  |4 070  |9 11429 
801 1 |a RU  |b 63413507  |c 20130716 
801 2 |a RU  |b 63413507  |c 20130716  |g RCR 
942 |c BK